[Event "Pohár města Říčany 2018"]
[Site ""]
[Date "2018.08.25"]
[Round "1.8"]
[White "Hrdina, Robin"]
[Black "Matys, Jakub"]
[Result "1-0"]
[WhiteElo "2219"]
[BlackElo "1830"]
[PlyCount "0"]
[EventDate "2018.08.25"]

1. e4 {[%clk 01:30:57]} {[%emt 00:00:02]} c5 {[%clk 01:30:53]} {[%emt
00:00:08]} 2. Nf3 {[%clk 01:31:21]} {[%emt 00:00:05]} d6 {[%clk 01:31:17]}
{[%emt 00:00:07]} 3. d4 {[%clk 01:31:45]} {[%emt 00:00:06]} cxd4 {[%clk
01:31:41]} {[%emt 00:00:06]} 4. Nxd4 {[%clk 01:32:10]} {[%emt 00:00:05]} Nf6
{[%clk 01:32:05]} {[%emt 00:00:06]} 5. Nc3 {[%clk 01:32:35]} {[%emt 00:00:05]}
a6 {[%clk 01:32:32]} {[%emt 00:00:04]} 6. Bc4 {[%clk 01:32:59]} {[%emt
00:00:06]} e5 {[%clk 01:29:48]} {[%emt 00:03:14]} 7. Nde2 {[%clk 01:28:12]}
{[%emt 00:05:16]} Nc6 {[%clk 01:28:26]} {[%emt 00:01:53]} 8. Bg5 {[%clk
01:26:49]} {[%emt 00:01:53]} Be7 {[%clk 01:26:07]} {[%emt 00:02:45]} 9. Bxf6
{[%clk 01:26:48]} {[%emt 00:00:31]} Bxf6 {[%clk 01:23:38]} {[%emt 00:02:59]} 10.
O-O {[%clk 01:26:37]} {[%emt 00:00:41]} O-O {[%clk 01:22:06]} {[%emt 00:02:02]}
11. Nd5 {[%clk 01:23:04]} {[%emt 00:04:02]} Be6 {[%clk 01:11:25]} {[%emt
00:11:11]} 12. c3 {[%clk 01:20:05]} {[%emt 00:03:29]} b5 {[%clk 01:05:20]}
{[%emt 00:06:34]} 13. Bb3 {[%clk 01:19:18]} {[%emt 00:01:17]} Bxd5 {[%clk
00:50:50]} {[%emt 00:15:01]} 14. Bxd5 {[%clk 01:18:24]} {[%emt 00:01:23]} Rc8
{[%clk 00:50:49]} {[%emt 00:00:31]} 15. a4 {[%clk 01:15:11]} {[%emt 00:03:43]}
b4 {[%clk 00:45:53]} {[%emt 00:05:26]} 16. Bxc6 {[%clk 01:08:33]} {[%emt
00:07:08]} Rxc6 {[%clk 00:45:14]} {[%emt 00:01:10]} 17. cxb4 {[%clk 01:08:56]}
{[%emt 00:00:07]} Qb6 {[%clk 00:44:55]} {[%emt 00:00:48]} 18. Qb3 {[%clk
01:05:19]} {[%emt 00:04:08]} Rb8 {[%clk 00:34:44]} {[%emt 00:10:42]} 19. Rac1
{[%clk 01:03:08]} {[%emt 00:02:40]} Bg5 {[%clk 00:30:10]} {[%emt 00:05:04]} 20.
Rxc6 {[%clk 01:01:39]} {[%emt 00:01:59]} Qxc6 {[%clk 00:30:34]} {[%emt
00:00:06]} 21. Nc3 {[%clk 01:01:33]} {[%emt 00:00:36]} Bd2 {[%clk 00:28:30]}
{[%emt 00:02:34]} 22. Nd5 {[%clk 01:00:54]} {[%emt 00:01:09]} Qb7 {[%clk
00:28:21]} {[%emt 00:00:39]} 23. Rd1 {[%clk 00:57:46]} {[%emt 00:03:37]} Bxb4
{[%clk 00:26:15]} {[%emt 00:02:36]} 24. Rc1 {[%clk 00:57:25]} {[%emt 00:00:51]}
a5 {[%clk 00:16:58]} {[%emt 00:09:47]} 25. Rc7 {[%clk 00:56:42]} {[%emt
00:01:13]} Qa6 {[%clk 00:14:52]} {[%emt 00:02:38]} 26. Nf6+ {[%clk 00:52:35]}
{[%emt 00:04:36]} 1-0

[Event "Pohár města Říčany 2018"]
[Site "?"]
[Date "2018.08.25"]
[Round "1.9"]
[White "Simak, Roman"]
[Black "Hollan, Petr"]
[Result "0-1"]
[WhiteElo "1819"]
[BlackElo "2179"]
[PlyCount "0"]
[EventDate "2018.08.25"]

1. d4 Nf6 2. f4 c5 3. e3 d6 4. Nf3 g6 5. c3 Qc7 6. Be2 Bg7 7. O-O O-O 8. Qe1
Nc6 9. Nbd2 e5 10. fxe5 dxe5 11. dxc5 a5 12. Nc4 Bg4 13. Qg3 Qe7 14. h3 Bxf3
15. Bxf3 e4 16. Be2 Qxc5 17. Qd6 Qg5 18. Qf4 Qb5 19. a4 Qa6 20. Qg5 h6 21. Qb5
Qa7 22. Bd2 Rad8 23. Rad1 Rd5 24. Qb3 Qb8 25. Be1 Rxd1 26. Bxd1 Nd7 27. Nd2 Nc5
28. Qd5 Qe5 29. Qxe5 Bxe5 30. Nc4 Nd3 31. Nxe5 Ncxe5 32. Bg3 Nc4 33. Rf6 Kg7 0-1

[Event "Pohár města Říčany 2018"]
[Site "?"]
[Date "2018.08.25"]
[Round "1.10"]
[White "Petr, Jakub"]
[Black "Paldus, Jan"]
[Result "1-0"]
[WhiteElo "2145"]
[BlackElo "1812"]
[PlyCount "0"]
[EventDate "2018.08.25"]

1. e4 d5 2. exd5 Qxd5 3. Nc3 Qa5 4. d4 c6 5. Nf3 Nf6 6. Bd2 Qc7 7. Bc4 Bg4
8. h3 Bh5 9. g4 Bg6 10. Ne5 e6 11. Bf4 Bd6 12. Qe2 Qe7 13. Nxg6 hxg6 14. Bxd6
Qxd6 15. O-O-O Nbd7 16. Kb1 O-O-O 17. g5 Nd5 18. Ne4 Qf4 19. Bb3 Rh4 20. f3 Rdh8
21. c4 Nc7 22. d5 exd5 23. cxd5 c5 24. d6 Ne6 25. Bd5 Rxh3 26. Rxh3 Rxh3 27. Qb5
Nd8 28. Nxc5 Qf5+ 29. Ka1 Nxc5 30. Qxc5+ Nc6 31. Qc4 Kd8 32. Bxc6 bxc6 33. Qa6
Qxg5 34. Qb7 1-0

[Event "Pohár města Říčany 2018"]
[Site "?"]
[Date "2018.08.25"]
[Round "1.11"]
[White "Kovar, Jan"]
[Black "Vanka, Miloslav"]
[Result "0-1"]
[WhiteElo "1810"]
[BlackElo "2140"]
[PlyCount "0"]
[EventDate "2018.08.25"]

1. e4 c5 2. Nf3 e6 3. b3 Nc6 4. Bb5 Nd4 5. Nxd4 cxd4 6. O-O Bc5 7. Bb2 Qh4
8. Qe2 a6 9. Bd3 e5 10. Ba3 Qe7 11. Bxc5 Qxc5 12. Qg4 Kf8 13. f4 d6 14. Qf3 Nf6
15. a4 Bd7 16. Bc4 Bc6 17. d3 Re8 18. g4 d5 19. fxe5 Rxe5 20. exd5 Bxd5 21. Bxd5
Qxd5 22. Qxd5 Rxd5 23. h3 h5 24. Rf4 hxg4 25. hxg4 Rh4 26. Na3 Nh5 27. Re4 Ng3
28. Ree1 Rxg4 0-1

[Event "Pohár města Říčany 2018"]
[Site "?"]
[Date "2018.08.25"]
[Round "1.12"]
[White "Skalicky, Tomas"]
[Black "Elias, Jakub"]
[Result "1-0"]
[WhiteElo "2125"]
[BlackElo "1794"]
[PlyCount "0"]
[EventDate "2018.08.25"]

1. d4 Nf6 2. c4 e6 3. Nf3 b6 4. a3 Bb7 5. Nc3 d5 6. cxd5 Nxd5 7. e3 Be7 8. Bd3
O-O 9. e4 Nxc3 10. bxc3 c5 11. O-O Qc7 12. Qe2 Rd8 13. Re1 Nc6 14. Bb2 Rac8
15. d5 Na5 16. c4 Bf8 17. e5 g6 18. Ng5 h6 19. d6 Qd7 20. Ne4 Bg7 21. Qg4 Bxe4
22. Rxe4 a6 23. h4 h5 24. Qg5 b5 25. Bc3 Nb7 26. g4 Nxd6 27. exd6 Bxc3 28. Rc1
Bg7 29. gxh5 Qxd6 30. Re3 Bd4 31. Rg3 Qe5 32. Qg4 bxc4 33. Bxc4 Bxf2+ 34. Kxf2
Qb2+ 35. Be2 Qxc1 36. hxg6 f5 37. Qh5 Qf4+ 38. Rf3 Qd4+ 39. Kf1 Rd7 40. Rd3 Qf4+
41. Kg2 Rcc7 42. Rg3 Rg7 43. Rd3 Rcd7 44. Rb3 Qe4+ 45. Kf2 Qd4+ 46. Kf1 Rb7
47. Rd3 Rb1+ 48. Kg2 Rg1+ 49. Kh3 Rh1+ 50. Kg3 Qe5+ 51. Kg2 Qh2+ 52. Kf3 Qc7
53. Kg2 Rb1 54. Qg5 Rb8 55. h5 Qe7 56. Qg3 Rd8 57. h6 Qb7+ 58. Kh2 Rxd3 59. Bxd3
Qb2+ 60. Kh3 Rb7 61. g7 Rxg7 62. Qxg7+ Qxg7 63. hxg7 Kxg7 64. Bxa6 Kf6 65. Bc4
Ke5 66. a4 Kd4 67. a5 Kxc4 68. a6 Kb3 69. a7 c4 70. a8=Q c3 71. Qa1 Kc2 72. Kg2
Kd2 73. Kf2 c2 74. Qd4+ Kc1 75. Ke2 Kb1 76. Qb4+ 1-0

[Event "Pohár města Říčany 2018"]
[Site "?"]
[Date "2018.08.25"]
[Round "1.13"]
[White "Barton, Milan"]
[Black "Rut, Vojtech"]
[Result "0-1"]
[WhiteElo "1790"]
[BlackElo "2123"]
[PlyCount "0"]
[EventDate "2018.08.25"]

1. e4 c5 2. Nf3 Nc6 3. d4 cxd4 4. Nxd4 Nf6 5. f3 e6 6. Nc3 Qb6 7. Nb3 Bb4
8. Bd2 O-O 9. a3 Be7 10. Na4 Qc7 11. Be3 d5 12. Bd3 Ne5 13. Rc1 dxe4 14. fxe4
Nfg4 15. Qe2 Nxh2 16. Qh5 Neg4 17. Bg1 Qg3+ 18. Kd1 Qxg2 19. Rxh2 Qxg1+ 20. Ke2
Qxh2+ 21. Qxh2 Nxh2 22. Rh1 Ng4 0-1

[Event "Pohár města Říčany 2018"]
[Site "?"]
[Date "2018.08.25"]
[Round "1.14"]
[White "Hosticka, Frantisek"]
[Black "Horyna, Josef"]
[Result "1-0"]
[WhiteElo "2087"]
[BlackElo "1783"]
[PlyCount "0"]
[EventDate "2018.08.25"]

1. e4 e6 2. d4 d5 3. e5 c5 4. c3 Nc6 5. Be3 cxd4 6. cxd4 Bd7 7. Nc3 a6 8. Nf3
Be7 9. Bd3 Rc8 10. O-O Nb4 11. Be2 h5 12. Qd2 Nh6 13. Rac1 Nf5 14. Bg5 Bxg5
15. Nxg5 Nc6 16. Nf3 g6 17. Rfd1 Na7 18. Bd3 Kf8 19. Bxf5 gxf5 20. Ne2 Rxc1
21. Rxc1 Bc6 22. h4 Kg7 23. Nf4 Qe7 24. Ng5 Bb5 25. Rc7 1-0

[Event "Pohár města Říčany 2018"]
[Site "?"]
[Date "2018.08.25"]
[Round "1.15"]
[White "Stork, Rostislav"]
[Black "Koubova, Anna Marie"]
[Result "0-1"]
[WhiteElo "1779"]
[BlackElo "2086"]
[PlyCount "0"]
[EventDate "2018.08.25"]

1. e4 c5 2. d3 e6 3. Nf3 d5 4. Nbd2 Nc6 5. g3 g6 6. Bg2 Bg7 7. O-O Nf6 8. Re1
O-O 9. c3 e5 10. Qc2 h6 11. h4 Be6 12. exd5 Nxd5 13. Ne4 Qe7 14. Be3 b6 15. Rad1
f5 16. Bxh6 Bxh6 17. Neg5 Bg7 18. Nxe5 Bxe5 19. d4 Rad8 20. Qa4 cxd4 21. cxd4
Nxd4 22. Rxd4 Bxd4 23. Qxd4 Qb4 24. Qe5 Bf7 25. Ne6 Bxe6 26. Qxe6+ Kg7 27. Bxd5
Rxd5 28. h5 gxh5 29. Re3 Qd6 0-1

[Event "Pohár města Říčany 2018"]
[Site "?"]
[Date "2018.08.25"]
[Round "1.16"]
[White "Simecek, Bohumil"]
[Black "Lhotska, Anna"]
[Result "1-0"]
[WhiteElo "2079"]
[BlackElo "1770"]
[PlyCount "0"]
[EventDate "2018.08.25"]

1. d4 Nf6 2. c4 e6 3. Nc3 Bb4 4. Qc2 O-O 5. a3 Bxc3+ 6. Qxc3 b6 7. Bg5 Bb7
8. f3 d5 9. e3 Nbd7 10. Bd3 c5 11. cxd5 Bxd5 12. Ne2 Bb7 13. O-O Rc8 14. Rfd1 h6
15. Bh4 Qe7 16. Rac1 Rfd8 17. Bf5 cxd4 18. Qxd4 e5 19. Qd6 Qxd6 20. Rxd6 g5
21. Bg3 Kg7 22. Rxc8 Bxc8 23. Bxe5 Nxe5 24. Rxd8 1-0

[Event "Pohár města Říčany 2018"]
[Site "?"]
[Date "2018.08.25"]
[Round "1.17"]
[White "Kyselka, Daniel"]
[Black "Vetrovsky, Michal"]
[Result "1/2-1/2"]
[WhiteElo "1760"]
[BlackElo "2078"]
[PlyCount "0"]
[EventDate "2018.08.25"]

1. Nf3 Nf6 2. b3 d5 3. Bb2 Bf5 4. g3 e6 5. Bg2 h6 6. d3 Be7 7. Nbd2 O-O 8. O-O
Bh7 9. Ne5 Nbd7 10. Nxd7 Nxd7 11. e4 Bf6 12. Bxf6 Nxf6 13. e5 Nd7 14. f4 c5
15. Qe2 Qc7 16. c4 Nb6 17. g4 Qd7 18. Rad1 dxc4 19. Nxc4 Rfd8 20. Nd6 Nc8
21. Ne4 b6 22. h4 Qd4+ 23. Kh1 Ne7 24. Nd6 Ng6 25. Be4 1/2-1/2

[Event "Pohár města Říčany 2018"]
[Site "?"]
[Date "2018.08.25"]
[Round "1.18"]
[White "Vorisek, Jakub"]
[Black "Dome, Michal"]
[Result "1/2-1/2"]
[WhiteElo "2069"]
[BlackElo "1755"]
[PlyCount "0"]
[EventDate "2018.08.25"]

1. e4 e6 2. d4 d5 3. Nd2 Nc6 4. Ngf3 Nf6 5. e5 Nd7 6. Be2 f6 7. exf6 Qxf6
8. Nf1 Bd6 9. Ne3 O-O 10. O-O h6 11. b3 Ne7 12. c4 dxc4 13. bxc4 c5 14. Bb2 cxd4
15. Bxd4 e5 16. Bb2 Nc5 17. Nd5 Qe6 18. Nxe7+ Qxe7 19. Bxe5 Bxe5 20. Qd5+ Be6
21. Qxe5 Rf5 22. Qe3 b6 23. Nd4 Rf6 24. Bf3 Raf8 25. Rfe1 Re8 26. Bc6 Ref8
27. Bd5 Re8 28. f4 Kf8 29. Nxe6+ Nxe6 30. g3 Qc5 31. Kf2 Qxe3+ 32. Rxe3 Nc7
33. Rae1 Rxe3 34. Rxe3 Rd6 35. Re5 g6 36. Ke3 b5 37. Ke4 bxc4 38. Bxc4 Ne8
39. Re6 Rxe6+ 40. Bxe6 Ke7 41. Ke5 Ng7 42. Bc4 Ne8 43. Bd3 Kf7 44. a4 Nf6 45. a5
Ke7 46. Bxg6 Ng4+ 47. Kd5 Nxh2 48. Kc6 Nf1 49. g4 Ne3 50. g5 hxg5 51. fxg5 Nc4
52. Kb5 Ne5 53. Be4 Nf7 54. Ka6 Nxg5 55. Bf5 Kd8 56. Kb7 Nf7 57. Kxa7 Kc7
58. Bd3 Nd6 59. Ka6 Nb7 60. Bc4 1/2-1/2

[Event "Pohár města Říčany 2018"]
[Site "?"]
[Date "2018.08.25"]
[Round "1.19"]
[White "Cabart, Pavel"]
[Black "Pycha, Patrik"]
[Result "0-1"]
[WhiteElo "1750"]
[BlackElo "2049"]
[PlyCount "0"]
[EventDate "2018.08.25"]

1. e4 e6 2. Nf3 d5 3. Nc3 Nf6 4. e5 Nfd7 5. d4 Bb4 6. a3 Bxc3+ 7. bxc3 c5 8. a4
b6 9. Bb5 Ba6 10. O-O Bxb5 11. axb5 a5 12. c4 O-O 13. cxd5 exd5 14. c3 Re8
15. Qc2 Nf8 16. Qf5 Qd7 17. Qh5 Qxb5 18. e6 Rxe6 19. Qxd5 Ra7 20. Bf4 Nbd7
21. Ng5 Nf6 22. Qf5 Re8 23. d5 Qd7 24. Qc2 h6 25. Nf3 Ng6 26. Bg3 Qxd5 27. Rad1
Qc4 28. Rd6 b5 29. Nh4 Nxh4 30. Bxh4 Qxh4 0-1

[Event "Pohár města Říčany 2018"]
[Site "?"]
[Date "2018.08.25"]
[Round "1.20"]
[White "Pacl, Vaclav"]
[Black "Konvalinka, Vladislav"]
[Result "1-0"]
[WhiteElo "2033"]
[BlackElo "1740"]
[PlyCount "0"]
[EventDate "2018.08.25"]

1. d4 d5 2. Nf3 Nf6 3. e3 Bf5 4. c4 c6 5. Qb3 Qc7 6. Nc3 e6 7. Bd2 Be7 8. Be2
Nbd7 9. O-O O-O 10. Rfc1 Ne4 11. Be1 dxc4 12. Bxc4 Nb6 13. Be2 Rfc8 14. Nxe4
Bxe4 15. Ba5 Bd8 16. Nd2 Bd5 17. Qd3 e5 18. e4 Be6 19. d5 Bd7 20. Nf3 Be7 21. d6
1-0

[Event "Pohár města Říčany 2018"]
[Site "?"]
[Date "2018.08.25"]
[Round "1.21"]
[White "Hlavacek, Ondrej"]
[Black "Zizka, Petr"]
[Result "1/2-1/2"]
[WhiteElo "1737"]
[BlackElo "2028"]
[PlyCount "0"]
[EventDate "2018.08.25"]

1. d4 Nf6 2. c4 g6 3. Nc3 Bg7 4. e4 d6 5. h3 O-O 6. Be3 e5 7. d5 a5 8. Nge2 Na6
9. g4 c6 10. Ng3 Rb8 11. Qd2 Bd7 12. Ba7 Ra8 13. Be3 Rb8 14. Ba7 Rc8 15. Be3
1/2-1/2

[Event "Pohár města Říčany 2018"]
[Site "?"]
[Date "2018.08.25"]
[Round "1.22"]
[White "Blumel, Otto"]
[Black "Jirousek, Tadeas"]
[Result "1-0"]
[WhiteElo "2019"]
[BlackElo "1737"]
[PlyCount "0"]
[EventDate "2018.08.25"]

1. d4 e6 2. e4 d5 3. e5 c5 4. Nc3 Nc6 5. Nf3 Bd7 6. Bd3 cxd4 7. Nb5 Qb6 8. c3
Nxe5 9. Nbxd4 Nxf3+ 10. Qxf3 Nf6 11. O-O Be7 12. Re1 O-O 13. Nf5 Rfe8 14. Nxe7+
Rxe7 15. Bf4 Bb5 16. Bxb5 Qxb5 17. Bg5 Qxb2 18. Bxf6 gxf6 19. Qxf6 Rc7 20. Qg5+
Kf8 21. Qh6+ Ke8 22. Qxh7 Rac8 23. Qg8+ Ke7 24. Qg5+ Kf8 25. Qh6+ Ke8 26. Qh5
Rxc3 27. Rxe6+ Kf8 28. Qh8# 1-0

[Event "Pohár města Říčany 2018"]
[Site "?"]
[Date "2018.08.25"]
[Round "1.23"]
[White "Lhotsky, Frantisek"]
[Black "Otruba, Marek"]
[Result "1-0"]
[WhiteElo "1737"]
[BlackElo "2005"]
[PlyCount "0"]
[EventDate "2018.08.25"]

1. d4 Nf6 2. c4 g6 3. Nf3 Bg7 4. e3 O-O 5. Be2 d5 6. cxd5 Nxd5 7. e4 Nb6 8. h3
Nc6 9. Be3 e5 10. d5 Ne7 11. O-O f5 12. Bxb6 axb6 13. Nc3 fxe4 14. Ng5 e3 15. d6
cxd6 16. Bc4+ d5 17. Nxd5 Kh8 18. Nxe3 Nd5 19. Qxd5 Qxg5 20. Kh1 Ra5 21. Qd6 Qh5
22. Be6 Bxe6 23. Qxe6 Qe2 24. Kg1 Rb5 25. Nc4 h6 26. Rae1 Qc2 27. Na3 Qxb2
28. Nxb5 Qxb5 29. Rb1 Qd3 30. Rxb6 Kh7 31. Rxb7 e4 32. Qe7 Rg8 33. a4 1-0

[Event "Pohár města Říčany 2018"]
[Site "?"]
[Date "2018.08.25"]
[Round "1.24"]
[White "Polansky, Adam Lubos"]
[Black "Lacha, Jan"]
[Result "1-0"]
[WhiteElo "1990"]
[BlackElo "1736"]
[PlyCount "0"]
[EventDate "2018.08.25"]

1. d4 e6 2. c4 f5 3. Nf3 Nf6 4. g3 Be7 5. Bg2 O-O 6. O-O d6 7. b3 a5 8. a4 Ne4
9. Bb2 Bf6 10. Nfd2 Nxd2 11. Qxd2 e5 12. dxe5 Bxe5 13. Qd5+ Kh8 14. Bxe5 dxe5
15. Qxe5 Nc6 16. Qb2 Qd4 17. Nc3 f4 18. Rad1 Qf6 19. Qa3 Nb4 20. Nd5 Nxd5
21. Rxd5 Bg4 22. Rd2 f3 23. exf3 Bxf3 24. Bxf3 Qxf3 25. Rd7 Rae8 26. Rxc7 h5
27. Qc5 Rf5 28. Qd4 Rg5 29. Qd1 Qf5 30. Qd7 1-0

[Event "Pohár města Říčany 2018"]
[Site "?"]
[Date "2018.08.25"]
[Round "1.25"]
[White "Dubnicka, Augustin"]
[Black "Vavrinec, Tomas"]
[Result "0-1"]
[WhiteElo "1718"]
[BlackElo "1986"]
[PlyCount "0"]
[EventDate "2018.08.25"]

1. e4 e6 2. d4 d5 3. exd5 exd5 4. Nf3 Bg4 5. Be2 Bd6 6. O-O f6 7. c3 Ne7 8. h3
h5 9. Ne1 Qd7 10. hxg4 hxg4 11. g3 Qf5 12. Bxg4 Qh7 13. Kg2 Qh2+ 14. Kf3 f5
15. Qd3 fxg4+ 16. Ke2 Nd7 17. Bg5 O-O-O 18. Nd2 Rde8 19. Kd1 Rhf8 20. Qe2 Qh5
21. Be3 Nf5 22. Nc2 Re7 23. a3 Rfe8 24. Qd3 Bxg3 25. Kc1 Bd6 26. Re1 g3 27. Kb1
Nf6 28. Ka2 Ng4 29. Rh1 Qf7 30. Bg5 Nxf2 31. Qf3 Re2 32. Rhe1 Rxe1 33. Rxe1 Rxe1
34. Nxe1 Ne4 35. Qg4 Qe6 36. Ndf3 Kd7 37. a4 Nxd4 38. Qxe6+ 0-1

[Event "Pohár města Říčany 2018"]
[Site "?"]
[Date "2018.08.25"]
[Round "1.26"]
[White "Stanek, Ondrej"]
[Black "Skrabanek, Matej"]
[Result "1-0"]
[WhiteElo "1966"]
[BlackElo "1711"]
[PlyCount "0"]
[EventDate "2018.08.25"]

1. e4 c5 2. Nf3 d6 3. Bb5+ Nc6 4. O-O Bd7 5. Re1 e6 6. c3 a6 7. Bf1 Nge7 8. d4
cxd4 9. cxd4 d5 10. Nc3 dxe4 11. Rxe4 g6 12. d5 exd5 13. Nxd5 Bg7 14. Bg5 Be6
15. Nxe7 Nxe7 16. Qa4+ Qd7 17. Qxd7+ Kxd7 18. Rd1+ Ke8 19. Bc4 h6 20. Bxe7 Kxe7
21. Bxe6 fxe6 22. Rde1 Rhe8 23. Rxe6+ Kf8 24. Rxe8+ Rxe8 25. Rxe8+ Kxe8 26. b3
Kd7 27. Kf1 Kc6 28. Ke2 Kb5 29. Kd3 Kb4 30. Kc2 Ka3 31. Kb1 Bc3 32. Kc2 Bf6
33. Kb1 g5 34. g4 Bc3 35. h4 Bf6 36. h5 Kb4 37. Nd2 Bd4 38. Ne4 Ka3 39. Nd6 Bxf2
40. Nf5 1-0

[Event "Pohár města Říčany 2018"]
[Site "?"]
[Date "2018.08.25"]
[Round "1.27"]
[White "Havel, Jan"]
[Black "Skacel, Jan"]
[Result "0-1"]
[WhiteElo "1710"]
[BlackElo "1961"]
[PlyCount "0"]
[EventDate "2018.08.25"]

1. d4 Nf6 2. c4 g6 3. Nc3 d5 4. e3 Bg7 5. Nf3 O-O 6. b3 c5 7. cxd5 Nxd5 8. Nxd5
Qxd5 9. Bc4 Qd8 10. O-O Nc6 11. Bb2 Bg4 12. Rb1 cxd4 13. exd4 Qa5 14. d5 Ne5
15. Bxe5 Bxe5 16. Qe2 Bf6 17. a4 Qc3 18. h3 Bxf3 19. Qxf3 Qxf3 20. gxf3 Be5
21. Rfe1 Bd6 22. Re2 Rfc8 23. Rc1 Rc7 24. Rcc2 Kg7 25. Kf1 Rac8 26. Ke1 a6
27. Kd1 Rc5 28. Kd2 b5 29. axb5 axb5 30. Bd3 Rxc2+ 31. Bxc2 Rc5 32. Be4 f5
33. Bd3 Rxd5 0-1

[Event "Pohár města Říčany 2018"]
[Site "?"]
[Date "2018.08.25"]
[Round "1.28"]
[White "Salac, Jiri"]
[Black "Hejsek, Lukas"]
[Result "1/2-1/2"]
[WhiteElo "1958"]
[BlackElo "1704"]
[PlyCount "0"]
[EventDate "2018.08.25"]

1. d4 Nf6 2. Bf4 c5 3. d5 g6 4. c4 b5 5. cxb5 a6 6. Nc3 axb5 7. Nxb5 Qa5+
8. Nc3 Bg7 9. Qd2 O-O 10. e4 d6 11. Nf3 Nbd7 12. Bd3 Ng4 13. O-O Nge5 14. Nxe5
Nxe5 15. Be2 Ba6 16. Bxa6 Rxa6 17. Qe2 Rb6 18. Rab1 Rfb8 19. Rfc1 c4 20. Bxe5
Bxe5 21. g3 Bxc3 22. Rxc3 Qxa2 23. Rbc1 Rxb2 24. R1c2 Rxc2 25. Rxc2 Qa1+ 26. Kg2
c3 27. Qc4 Qb1 28. Qxc3 Rb4 29. f3 Rb3 30. Qd2 f6 31. Qc1 Qxc1 32. Rxc1 Rb2+
33. Kg1 Kf7 34. h4 Rb3 35. Kf2 Rb2+ 36. Ke3 Rh2 37. Kf4 h5 38. Rc8 Rh3 39. Rh8
Kg7 40. Re8 Kf7 41. Rh8 1/2-1/2

[Event "Pohár města Říčany 2018"]
[Site "?"]
[Date "2018.08.25"]
[Round "1.29"]
[White "Vit, Zdenek"]
[Black "Maly, Filip"]
[Result "0-1"]
[WhiteElo "1692"]
[BlackElo "1954"]
[PlyCount "0"]
[EventDate "2018.08.25"]

1. e4 c5 2. Nf3 d6 3. d4 cxd4 4. Nxd4 Nf6 5. Nc3 a6 6. Bg5 Nbd7 7. Be2 e6
8. O-O Be7 9. Kh1 O-O 10. Qd2 Qc7 11. f4 b5 12. a3 Bb7 13. Bf3 Rac8 14. Rad1
Rfd8 15. Qf2 h6 16. Bh4 Nb6 17. e5 Nfd5 18. Nxd5 Nxd5 19. Bxe7 Qxe7 20. c3 Rc5
21. Rfe1 dxe5 22. Rxe5 Qc7 23. Nb3 Rc4 24. Be2 Rxf4 0-1

[Event "Pohár města Říčany 2018"]
[Site "?"]
[Date "2018.08.25"]
[Round "1.30"]
[White "Postupa, Pavel"]
[Black "Hampel, Rudolf"]
[Result "1/2-1/2"]
[WhiteElo "1944"]
[BlackElo "1686"]
[PlyCount "0"]
[EventDate "2018.08.25"]

1. e4 c5 2. Nf3 e6 3. c3 b6 4. d4 Bb7 5. Bd3 Qc7 6. O-O d5 7. e5 Nd7 8. Re1 Ne7
9. Na3 a6 10. Nc2 Nc6 11. Ng5 Be7 12. Qf3 Bxg5 13. Bxg5 h6 14. Qh5 Ne7 15. Ne3
Nf8 16. Bxe7 Qxe7 17. f4 g6 18. Qd1 h5 19. h3 O-O-O 20. Bf1 Kb8 21. Nc2 Nd7
22. b4 c4 23. a4 Rdg8 24. Ne3 Qf8 25. h4 f6 1/2-1/2

[Event "Pohár města Říčany 2018"]
[Site "?"]
[Date "2018.08.25"]
[Round "1.31"]
[White "Rerabek, Jaroslav"]
[Black "Svetly, Jiri"]
[Result "1-0"]
[WhiteElo "1684"]
[BlackElo "1943"]
[PlyCount "0"]
[EventDate "2018.08.25"]

1. e4 d6 2. d4 Nf6 3. Nc3 g6 4. g3 Bg7 5. Bg2 O-O 6. Nge2 e5 7. h3 c6 8. a4 Be6
9. b3 Na6 10. Be3 Qa5 11. O-O Rad8 12. Qd2 d5 13. Nxd5 Qxd2 14. Nxf6+ Bxf6
15. Bxd2 exd4 16. Rab1 d3 17. cxd3 Rxd3 18. Be3 b6 19. Nf4 Rxb3 20. Nxe6 fxe6
21. Rxb3 c5 22. Rc1 Nb4 23. a5 Rd8 24. axb6 axb6 25. Bf1 Kf8 26. Be2 Be7 27. Rd1
Ra8 28. Bh6+ Kg8 29. Bc4 Kh8 30. Bxe6 b5 31. Rf3 Nc6 32. Rf7 Nd4 33. Bg7+ Kg8
34. Rxe7+ Nxe6 35. Rxe6 Kxg7 36. Re5 Rc8 37. Rc1 1-0

[Event "Pohár města Říčany 2018"]
[Site "?"]
[Date "2018.08.25"]
[Round "1.32"]
[White "Lhotsky, Zdenek"]
[Black "Otrubova, Kristyna"]
[Result "1-0"]
[WhiteElo "1923"]
[BlackElo "1651"]
[PlyCount "0"]
[EventDate "2018.08.25"]

1. e4 c5 2. Nf3 d6 3. d4 cxd4 4. Nxd4 Nf6 5. Nc3 Nc6 6. Be3 e6 7. f3 a6 8. Qd2
Bd7 9. g4 h6 10. O-O-O b5 11. a3 Rb8 12. h4 b4 13. axb4 Nxb4 14. Kb1 Qa5 15. Nb3
Qc7 16. Rg1 a5 17. Nd4 Qb7 18. Ndb5 Bxb5 19. Bxb5+ Nd7 20. Bf4 Qc8 21. Bxd6 Bxd6
22. Bxd7+ Qxd7 23. Qxd6 Qxd6 24. Rxd6 Ke7 25. Rgd1 Nd5 26. Rc6 Nxc3+ 27. Rxc3
Rbc8 28. Rxc8 Rxc8 29. c3 Rc7 30. Ka2 Kf6 31. Ka3 Ke5 32. Ka4 Rb7 33. b3 Kf4
34. Rd3 h5 35. gxh5 Kg3 36. c4 Ra7 37. c5 Kxh4 38. c6 Kg5 39. Kb5 Kf6 40. Kb6
Ra8 41. Kb7 Re8 42. c7 1-0

[Event "Pohár města Říčany 2018"]
[Site "?"]
[Date "2018.08.25"]
[Round "1.33"]
[White "Ruzicka, Vaclav"]
[Black "Skala, Jaromir"]
[Result "0-1"]
[WhiteElo "1642"]
[BlackElo "1920"]
[PlyCount "0"]
[EventDate "2018.08.25"]

1. d4 d6 2. Bf4 g6 3. Nf3 Bg7 4. c3 Nd7 5. h3 e5 6. dxe5 dxe5 7. Bh2 Ne7 8. e4
O-O 9. b4 a5 10. Be2 axb4 11. cxb4 Nc6 12. Qb3 Nb6 13. O-O Qe7 14. b5 Nd4
15. Nxd4 exd4 16. Bd3 Be6 17. Qc2 Rfc8 18. Nd2 c6 19. bxc6 Rxc6 20. Qd1 Na4
21. f4 Nb2 22. Qf3 Rc3 23. Qe2 Nxd3 24. Nb1 Nc1 25. Qd2 Nb3 26. axb3 Rxa1
27. Qb2 Rxb1 28. Qxb1 f5 29. e5 Rxb3 30. Qc1 Bf8 31. Kh1 Qc5 32. Bg1 Bd5 33. Qd2
Rxh3+ 34. Bh2 Qc3 35. Qxc3 dxc3 36. Kg1 Bc5+ 0-1